01555cam a22002894a 450000100090000000300060000900500170001500800410003201000170007302000360009002000390012603500200016504000840018504200080026905000230027708200190030010000420031924500560036126000560041730000230047333600260049633700280052233800270055050400690057750505990064665000200124548655917OCoLC20190122112245.0011213s2002 ilu b 001 0 eng  a 2001051995 a0830827013q(pbk. : alk. paper) a9780830827015q(pbk. : alk. paper) a(OCoLC)48655917 aDLCbengcDLCdBAKERdBTCTAdYDXCPdHNWdOCLCGdIG#dOCLCFdOCLCQdOCLCOdCIRBC apcc00aBR145.3b.B56 200200a270221bB613H1 aBingham, D. Jeffreyq(Dwight Jeffrey)10aPocket history of the church /cD. Jeffrey Bingham. aDowners Grove, Ill. :bInterVarsity Press,c©2002. a189 pages ;c18 cm atextbtxt2rdacontent aunmediatedbn2rdamedia avolumebnc2rdacarrier aIncludes bibliographical references (pages 179-182) and indexes.0 aDiamonds : the early church. On the heels of the apostle ; Councils of doctrine, cloisters of holiness -- Emeralds : the church in the Middle Ages. Empires, emperors and pastors ; Medieval lessons on prayer, thinking and devotion -- Gold sovereigns : the church in the Protestant Reformation. A river with many tributaries ; The doctrine of salvation in the reformers ; The doctrines of the church and the Scriptures in the reformers -- Chains of Spanish silver : the church in the modern era. The Enlightenment and modernity ; Awakenings and revivals ; Liberalism, missions and evangelicalism. 0aChurch history.